书目信息 |
| 题名: |
大学英语四级最新题型应试攻略
|
|
| 作者: | 黄贵 , 王玉芳 主编 | |
| 分册: | 写作 | |
| 出版信息: | 上海 上海交通大学出版社 2006.01 |
|
| 页数: | 188页 | |
| 开本: | 26cm | |
| 丛书名: | ||
| 单 册: | ||
| 中图分类: | H310.42 | |
| 科图分类: | ||
| 主题词: | 英语--Ying Yu--高等学校--水平考试--自学参考资料 | |
| 电子资源: | ||
| ISBN: | 7-313-04201-9 | |
| 000 | 00790nam0 2200241 450 | |
| 001 | 0654475105 | |
| 005 | 20060605162707.79 | |
| 010 | @a7-313-04201-9@dCNY16.00 | |
| 099 | @aCAL 012006032729 | |
| 100 | @a20060329d2006 em y0chiy0121 ea | |
| 101 | 0 | @achi@aeng |
| 102 | @aCN@b310000 | |
| 200 | 1 | @a大学英语四级最新题型应试攻略@ADa Xue Ying Yu Si Ji Zui Xin Ti Xing Ying Shi Gong Lue@i写作@f黄贵, 王玉芳主编@Fhuang gui,wang yu fang zhu bian |
| 210 | @a上海@c上海交通大学出版社@d2006.01 | |
| 215 | @a188页@d26cm | |
| 517 | 1 | @a写作@AXie Zuo |
| 606 | 0 | @a英语@AYing Yu@x高等学校@x水平考试@j自学参考资料 |
| 690 | @aH310.42@v4 | |
| 701 | 0 | @a黄贵@AHuang Gui@4主编 |
| 701 | 0 | @a王玉芳@AWang Yu Fang@4主编 |
| 801 | 0 | @aCN@bNMU@c20060605 |
| 905 | @dH310.42@eH833 | |
| 906 | @dCNY16.00@n3@r1 | |
| 大学英语四级最新题型应试攻略.写作/黄贵, 王玉芳主编.-上海:上海交通大学出版社,2006.01 |
| 188页;26cm |
| ISBN 7-313-04201-9:CNY16.00 |
| ● |
| 相关链接 |
|
|
|
正题名:大学英语四级最新题型应试攻略
索取号:H310.42/H833
 
预约/预借
| 序号 | 登录号 | 条形码 | 馆藏地/架位号 | 状态 | 备注 |
| 1 | 606476 | 206064765 | 语言库209/209语言库 96排3列2层/ [索取号:H310.42/H833] | 在馆 | |
| 2 | 606477 | 206064774 | 语言库209/209语言库 96排3列2层/ [索取号:H310.42/H833] | 在馆 | |
| 3 | 606478 | 206064783 | 语言库209/209语言库 96排3列2层/ [索取号:H310.42/H833] | 在馆 | |
| 4 | 606479 | 206064792 | 语言库209/209语言库 96排3列2层/ [索取号:H310.42/H833] | 在馆 |